Phân tích hiệu quả kinh tế của nông hộ trồng lúa liên kết với doanh nghiệp trong và ngoài hợp tác xã ở Đồng bằng sông Cửu Long : Luận văn tốt nghiệp Cao học. Chuyên ngành Kinh tế nông nghiệp

Phân tích hiệu quả kinh tế của nông hộ trồng lúa liên kết với doanh nghiệp trong và ngoài hợp tác xã ở Đồng bằng sông Cửu Long nhằm đề xuất các giải pháp cải thiện hiệu quả kinh tế, nâng cao thu nhập trong sản xuất lúa cho nông hộ....

Full description

Saved in:
Bibliographic Details
Main Author: Nguyễn, Thị Kim Thoa
Format: Book
Language:Undetermined
Published: Cần Thơ Trường Đại Học Cần Thơ 2019
Subjects:
Tags: Add Tag
No Tags, Be the first to tag this record!
Institutions: Trung tâm Học liệu Trường Đại học Cần Thơ
LEADER 01309nam a2200217Ia 4500
001 CTU_231413
008 210402s9999 xx 000 0 und d
082 |a 338.16 
082 |b Th401 
088 |a 8620115 
100 |a Nguyễn, Thị Kim Thoa 
245 0 |a Phân tích hiệu quả kinh tế của nông hộ trồng lúa liên kết với doanh nghiệp trong và ngoài hợp tác xã ở Đồng bằng sông Cửu Long : 
245 0 |b Luận văn tốt nghiệp Cao học. Chuyên ngành Kinh tế nông nghiệp 
245 0 |c Nguyễn Thị Kim Thoa ; Lê Cảnh Dũng (Cán bộ hướng dẫn) 
260 |a Cần Thơ 
260 |b Trường Đại Học Cần Thơ 
260 |c 2019 
520 |a Phân tích hiệu quả kinh tế của nông hộ trồng lúa liên kết với doanh nghiệp trong và ngoài hợp tác xã ở Đồng bằng sông Cửu Long nhằm đề xuất các giải pháp cải thiện hiệu quả kinh tế, nâng cao thu nhập trong sản xuất lúa cho nông hộ. 
650 |a Nông nghiệp,Agriculture 
650 |x Khía cạnh kinh tế,Economic aspects 
980 |a Trung tâm Học liệu Trường Đại học Cần Thơ